| 000 | 00790nam a22002411c 4500 | ||
|---|---|---|---|
| 001 | 124028519 | ||
| 008 | 160422s1969 gw a||| 000u ger d | ||
| 041 | _ager | ||
| 245 | 0 | 0 |
_aStadt und Universität : _bRückblick aus Anlaß der 150 Jahr-Feier der Universität Bonn / _chrsg. von Dietrich Höroldt |
| 264 |
_aBonn : _bRöhrscheid, _c1969 |
||
| 300 | _a410 S. : Ill., graph. Darst. | ||
| 610 | 0 | _aRheinische Friedrich-Wilhelms-Universität Bonn | |
| 648 | 0 | _a1818-1968 | |
| 650 | 0 | _aHochschule | |
| 651 | 0 | _aBonn | |
| 655 | 0 | _aAufsatzsammlung | |
| 700 | 1 |
_aHöroldt, Dietrich _eHerausgeberIn |
|
| 710 | 2 | _aRheinische Friedrich-Wilhelms-Universität Bonn | |
| 942 | _cMG | ||
| 040 | _cRU-10907106 | ||
| 003 | RU-10907106 | ||
| 999 |
_c36918 _d36918 |
||
| 490 | 0 |
_aVeröffentlichungen des Stadtarchivs Bonn _v6 |
|